[Event "Dortmund final"]
[Site "Dortmund"]
[Date "2004.07.30"]
[Round "1.4"]
[White "Leko, Peter"]
[Black "Anand, Viswanathan"]
[Result "1/2-1/2"]
[WhiteElo "2741"]
[BlackElo "2782"]
[Annotator "Lukacs,P"]
[PlyCount "126"]
[EventDate "2004.07.29"]
[EventType "k.o."]
[EventRounds "4"]
[EventCountry "GER"]
[SourceTitle "CBM 103"]
[Source "ChessBase"]
[SourceDate "2004.11.11"]
[SourceVersion "1"]
[SourceVersionDate "2004.11.11"]
[SourceQuality "1"]

1. e4 c6 2. d4 d5 3. Nc3 dxe4 4. Nxe4 Bf5 5. Ng3 Bg6 6. h4 h6 7. Nf3 Nd7 8. h5
Bh7 9. Bd3 Bxd3 10. Qxd3 Ngf6 11. Bf4 e6 12. O-O-O Be7 13. Kb1 Qa5 14. Ne5 O-O
15. Qb3 (15. Ne4 Nxe4 (15... Rad8 16. Nxf6+ Nxf6 17. Qg3 Kh8 18. Rd3 c5 19. Qf3
Rxd4 20. Rxd4 cxd4 21. Qxb7 Nd5 {Black has an active counterplay, winning b7
is rarely good.} 22. Bg3 Qa4 23. Qb3 Qa6 24. Qd3 Qa4 $13 {Adams-Bareev,
Dortmund 2002}) 16. Qxe4 Rad8 17. c4 Nxe5 18. dxe5 (18. Bxe5 $6 {White wants
to complicate matters, but in his P structure >< d4 remains a target.} Bd6 $1
19. f3 (19. Bxd6 Rxd6 20. Qe5 Qd8 $15 {and Black will triple his heavy
artillery on the d <->.}) (19. g4 $5 Be7 (19... Rd7 20. g5 $1) 20. Rd3 Rd7 21.
Rhd1 Rfd8 $15 {and White has no real chances on the >>, therefore he has to
defend >< d4.}) 19... Rd7 20. Bxd6 Rxd6 {- Topalov-Bareev, Dortmund 2002 CBM 90
}) 18... Rxd1+ 19. Rxd1 Rd8 {leads to an only slightly better _|_ for White.})
(15. Qe2 Rfe8 {parrying all the tactical threats.} (15... Rad8 {is met by
White's hidden threat of} 16. Ng6 $1 Rfe8 $1 (16... fxg6 $2 17. Qxe6+ Kh8 (
17... Kh7 18. hxg6+ Kxg6 19. Qxe7 $16) 18. hxg6 $1 (18. Qxe7 Nd5 19. Bd2 Qxa2+
20. Kxa2 Nxe7 $11 (20... Nxe7 21. Bb4 c5 (21... Rf7 22. hxg6 Nxg6 23. Ne4 $16)
22. Bxc5 Nxc5 23. dxc5 Rxd1 24. Rxd1 Rxf2 25. Rd7 $14 {Tal})) 18... Ng8 $1 19.
Bxh6 $1 {White has to play very energetically!} gxh6 20. Rxh6+ Nxh6 21. Qxe7
Nf6 (21... Nf7 22. Rh1+ Kg8 (22... Kg7 23. Rh7+ Kxg6 24. Qe4+ Kf6 25. Nh5+ $16)
23. Qh4 Kg7 24. Nh5+ $16) 22. g7+ (22. Rh1 Kg8 {Cimmino-Franz, corr 1995})
22... Kg8 23. gxf8=Q+ Rxf8 24. Qxb7 Re8 25. Qxc6 $16 {Andonov-Curtacci, corr.
1990}) 17. Nxe7+ Rxe7 18. c4 {- Tseshkovsky-Dreev, RUS-ch 2003 CBM 98} (18. Rd3
Ree8 19. Rhd1 (19. Ra3 Qd5 20. Rxa7 b5 21. c3 Ra8 22. Rxa8 Rxa8 23. a3 b4 $1
$132) 19... Qd5 $5 (19... c5) 20. Rg1 $1 $36 {- Bologan-Anand, Dortmund 2003
CBM 97}) (18. Bd6 Ree8 19. c4 b5 $13 {Tal})) (15... Rfd8 16. Rhe1 (16. Ng6 $5)
16... Nxe5 17. dxe5 Nd7 18. Bd2 Qb5 19. c4 Qb6 20. Be3 Qc7 21. f4 Nc5 22. Qc2
Rxd1+ 23. Rxd1 Rd8 24. a3 a5 25. Ka2 Rd7 26. Bxc5 Bxc5 27. Ne4 {This typical
_|_ clearly favours White.} Be3 28. g3 Qd8 29. Nd6 $14 {Marjanovic-Svetushkin,
Bucharest 2000}) 16. Bd2 (16. Ne4 Nxe4 17. Qxe4 Rad8 18. c4 (18. g4 Nxe5 19.
dxe5 Rxd1+ 20. Rxd1 Rd8 21. Rxd8+ Qxd8 $11) 18... Nxe5 19. dxe5 Qb6 (19...
Rxd1+ {was good enough for a draw.} 20. Rxd1 Rd8 21. Rxd8+ Qxd8 22. Kc2 $11) (
19... Qb4 {is connected with a counterplay on the <<.} 20. Be3 b5 21. Rc1 Rb8
$132) 20. Be3 Bc5 $1 (20... Qa6 $2 21. f4 b5 22. Rc1 c5 23. g4 $16 {
Bologan-Dautov, Mainz 2002 CBM 89 ext}) 21. Bxc5 (21. Rd6 Bxe3 22. fxe3 Rxd6
23. exd6 Rd8 24. Rd1 Qc5 25. d7 Qxh5 $15 {Dautov}) 21... Qxc5 $11) 16... Qc7 {
- Ad.Horvath-Mchedlishvili, Rethymnon 2003 CBM 98} (16... Qd5 17. c4 Qd6 18.
Bf4 $14 {wins a lot of tempi for White.})) (15. Nxd7 Nxd7 16. Ne4 Nf6 17. g4 $5
(17. Nxf6+ Bxf6 $11) (17. Be5 Ng4 18. Qg3 Nxe5 19. dxe5 Rfd8 20. f4 $14 {
T.Petrosian-P.Nielsen, ACP Blitz}) 17... Rad8 18. Rhg1 Nxe4 19. Qxe4 Bf6 20.
Qe3 Qb6 21. c3 Rd5 22. g5 {1/2-1/2 Berkes-Izoria, Aghia Pelagia 2004}) 15...
Nxe5 16. dxe5 Nd5 17. Bd2 Qc7 {This is a bit passive.} (17... Qb5 $142 {
- Z.Almasi-Gyimesi, HUN-ch 2004 CBM 103}) 18. f4 (18. c4 Nb6 19. f4 $14 {
with some space advantage and attacking chances on the >>.}) 18... c5 19. Ne4 (
19. Nf5 c4 20. Nxe7+ Nxe7 {is not a good exchange for White.} 21. Qf3 Rfd8 $13)
(19. c4 Nb4 $13) 19... c4 20. Qg3 (20. Qh3 $1 {/\ g4-g5 with a P storm would
be more effective against the black K.} Qc6 {is also met by} (20... b5 21. g4
b4 22. g5 c3 $1 {In the interesting P race White will come first after} (22...
hxg5 23. fxg5 Qxe5 24. h6 g6 (24... b3 25. hxg7 $18) 25. Rhe1 $14) 23. gxh6
gxh6 (23... cxd2 24. Qg3 $18) 24. f5 $1 {This is the point, the pawns march
ahead regardless any threats.} cxd2 (24... Qxe5 25. Bxh6 $16) (24... Rfc8 25.
f6 $18) 25. f6 $16) 21. g4 $1 Nxf4 22. Qf3 $1 Nd5 23. g5 $40) (20. Qf3 f5 $132)
20... Kh8 21. Qf3 $6 {White's Q manoeuvres are too sophysticated.} (21. f5 $5
Rad8 22. Rdf1 $36) 21... b5 22. g4 b4 23. Bc1 (23. g5 {is already late because
of} c3 $1 $36) 23... Rab8 24. b3 {White has lost the pace of the ->.} (24. g5
b3 $1 $40 {and in the race this time Black comes first.}) 24... Rfc8 25. Qe2 {
[#]} (25. g5 cxb3 26. cxb3 Nc3+ 27. Nxc3 bxc3 28. Rd3 c2+ 29. Kb2 Qa5 30. gxh6
gxh6 31. Ka1 Bb4 $40) 25... Nc3+ ({missing the forceful} 25... cxb3 $1 26. axb3
(26. cxb3 a5 27. g5 a4 $17) 26... a5 27. g5 a4 $17 {and Black's threats seem
to be more real.}) 26. Nxc3 bxc3 27. Rd4 cxb3 28. axb3 Qa5 (28... Bc5 29. Ra4)
29. Qe4 Rxb3+ $1 {liquidating to an _|_ with a Q versus two rooks.} (29... Bb4
30. Rhd1 $14) 30. cxb3 c2+ 31. Qxc2 Rxc2 32. Kxc2 Qc5+ (32... Qa2+ 33. Bb2 Ba3
34. Rb1 {and White has defended everything.} Bxb2 35. Rxb2 Qa6 36. Kb1 Qf1+ $11
) 33. Rc4 Qf2+ 34. Bd2 a5 35. Rh3 Qg2 (35... Bb4 $1 {Now Black has to play
carefully because in the _|_ two rooks are generally better than the Q.} 36.
Rc8+ Kh7 37. Rd3 Bxd2 38. Rxd2 Qxf4 $11) 36. Rd3 $1 Qxg4 37. Bxa5 Qxh5 {
Black has won a P, but the white pieces are active again and he has a strong
o^.} 38. Bd2 {[#]} f6 $2 {This weakens his own camp.} (38... Kh7 39. Rc7 Bh4
40. Rdd7 Qf5+ 41. Kc3 Kg6 {was the best defensive setup.} 42. Rxf7 (42. b4 Qh3+
43. Kc2 Qf5+ 44. Kb2 Bf2 $11) 42... Qxf7 43. Rxf7 Kxf7 44. Kd4 Bf2+ $11) 39.
exf6 $2 ({Now it is White's turn to miss} 39. Rc8+ $1 Kh7 40. Rc7 $16) 39...
Bxf6 (39... gxf6 $4 40. Rc8+ Kg7 41. Rd7 $18) 40. b4 Qb5 $11 {Now Black is OK
again.} 41. Kb3 Qf5 42. Kc2 Qb5 43. Kb3 h5 44. Bc3 Qf5 45. Kc2 $2 (45. Rd2 {
was the precise plan with drawish consequences.} Bxc3 46. Kxc3 h4 47. Kb3 $11)
45... Bxc3 46. Kxc3 h4 47. Rc5 (47. Re3 h3 48. Rc5 Qg4 $15) 47... Qxf4 48. b5 {
White's hopes are based on his strong o^.} e5 (48... Qf6+ $1 49. Kb4 e5 $17)
49. b6 $1 $11 {Now the o^ is too strong, Black has no winning chances.} Qc1+
50. Kb4 Qb2+ 51. Rb3 Qd4+ 52. Kb5 Qd7+ 53. Ka5 Qd4 54. Kb5 Qd7+ 55. Ka5 Qd4 56.
Rbc3 Qe4 57. R5c4 Qd5+ 58. Ka6 Qa8+ 59. Kb5 Qd5+ 60. Rc5 Qe4 61. Rc7 Qd5+ 62.
R7c5 Qe4 63. R5c4 Qd5+ 1/2-1/2

[Event "Linares 16th"]
[Site "Linares"]
[Date "1999.03.02"]
[Round "8"]
[White "Anand, Viswanathan"]
[Black "Ivanchuk, Vassily"]
[Result "1/2-1/2"]
[WhiteElo "2780"]
[BlackElo "2710"]
[Annotator "Lukacs,P"]
[PlyCount "90"]
[EventDate "1999.02.21"]
[EventType "tourn"]
[EventRounds "14"]
[EventCountry "ESP"]
[EventCategory "20"]
[SourceTitle "CBM 070"]
[Source "ChessBase"]
[SourceDate "1999.06.08"]
[SourceVersion "1"]
[SourceVersionDate "1999.06.08"]
[SourceQuality "1"]

1. e4 c6 2. d4 d5 3. Nc3 dxe4 4. Nxe4 Bf5 5. Ng3 Bg6 6. h4 h6 7. Nf3 e6 8. Ne5
Bh7 9. Bd3 Bxd3 10. Qxd3 Nd7 11. f4 Ngf6 12. Bd2 Bd6 $1 (12... Be7 {see
Adams-Leko, Linares 1990 CBM 70}) 13. O-O-O Qc7 14. Kb1 $6 {This prophilactic
move is not that important in this situation.} (14. Qe2 O-O 15. Rhe1 {/\ f5}
Rfe8 {parrying the threat of f4-f5 by the pressure on N e5.}) (14. Ne4 Nxe4 15.
Qxe4 Nf6 16. Qf3 h5 $11 {blockading the >>, >< g4.}) (14. Ne2 $5 {Is the
typical method here promoting g2-g4 and the -> with the pawns on the >>.} h5 $1
{and this is the typical reaction as well.} (14... O-O $6 {runs into the >> ->.
} 15. g4 $1 Bxe5 16. fxe5 {White opens up the /^ c1-h6 and the <-> f.} (16.
dxe5 Nxg4 17. Rhg1 h5 18. Bb4 c5 (18... Rfd8 $2 19. Be7) 19. Qxd7 Qxd7 20. Rxd7
cxb4 21. Rxb7 Rfb8 {leads only an unclear _|_.}) 16... Nxg4 17. Rhg1 f5 (17...
Nf2 $4 18. Qg3 $18) (17... h5 $2 18. Nf4 g6 19. Nxg6 $18) 18. Nf4 (18. exf6
Ndxf6) 18... Rae8 (18... Rfe8 $2 19. Nxe6 $1) 19. Qb3 Qb6 20. Bb4 c5 21. dxc5
Nxc5 22. Bxc5 Qxc5 23. Nxe6 Qe3+ 24. Qxe3 Nxe3 25. Rxg7+ Kh8 26. Rdd7 $18) 15.
Rhg1 c5 {Black has to do something in the [+].} (15... O-O {is again met
strongly by} 16. g4 $40)) (14. Rhf1 O-O {since g4 is not a threat now, Black
has time for castles.} 15. Nc4 Be7 {The c4 N can be attacked by b7-b5.} (15...
c5 16. Nxd6 Qxd6 17. Bc3 {/\ f5}) 16. f5 b5 $1 (16... e5 17. dxe5 Nxe5 18. Nxe5
Qxe5 19. Bc3 Qc7 20. Ne4 $14 {and Black has no counterplay.}) 17. Ne5 (17. Na5
e5) 17... Nxe5 18. dxe5 Qxe5 19. fxe6 fxe6 $1 (19... Qxe6 $2 20. Rde1 Qd6 21.
Nf5 $1 $18) (19... Rad8 20. exf7+ Rxf7 21. Qg6 $14) 20. Qg6 $44 ({Neither} 20.
Bf4 Qd5 21. Qg6 Qxa2 $1 22. Bxh6 Rf7) ({nor} 20. Bc3 Qd5 $1 (20... Qc7 21. Qg6
Kh8 22. Nh5 Nxh5 23. Qxh6+ Kg8 24. Qxh5 $18) 21. Qg6 Qxa2 22. Rd7 Rad8 $1 {
gives White anything real.})) 14... O-O 15. Ne2 $5 {/\ g4} ({On} 15. c4 {
the standard reply is} c5) (15. Ne4 {allows Black to blockade the squares after
} Nxe4 16. Qxe4 f5 $5 (16... Nf6 17. Qf3 h5) 17. Qf3 Nf6) 15... Rad8 16. Qf3 (
16. g4 $2 Bxe5 17. fxe5 Nxe5 $19) 16... h5 $1 {Black has to take the adequate
measures, otherwise after g2-g4 White has an irresistable ->.} 17. Rhg1 (17. g4
$6 {is not sound here:} hxg4 (17... Bxe5 18. fxe5 Nxg4 19. Ng3 g6 20. Ne4 $44)
18. Nxg4 Nxg4 19. Qxg4 f5 $1 20. Qg2 Nf6 $15) 17... c5 18. g4 Bxe5 19. dxe5 (
19. fxe5 {is again the real question ,for example:} Nxg4 (19... hxg4 $2 20. Qg2
) 20. Nf4 (20. Ng3 cxd4 (20... f5 $6 21. exf6 Ndxf6 (21... Rxf6 22. Qe2) 22.
Nxh5 Nxh5 23. Qxg4 Rf5 24. dxc5 $16) 21. Nxh5 {- 20.Nf4 cd 21.Nh5}) 20... cxd4
21. Nxh5 Ndxe5 22. Nf6+ $1 Kh8 (22... gxf6 $4 23. Rxg4+ Kh7 24. Qf4 $18) (22...
Nxf6 23. Qxf6 Ng6 24. Qf2) 23. Qf4 $1 Nxf6 (23... gxf6 $2 24. Rxg4) 24. Rxg7 $1
Kxg7 25. Qh6+ Kg8 26. Qxf6 Ng6 27. Rg1 (27. Bh6 $2 Qe5 $19) 27... Qh2 {and
White has no more than a perpetual after} 28. Rxg6+) 19... Nxg4 20. Ng3 f5 $1 (
20... g6 $2 {loses immediately:} 21. Nxh5 $1 gxh5 22. Rxg4+ $18) 21. exf6 (21.
Nxh5 Nb6 $15) 21... Ndxf6 22. Nxh5 Nxh5 23. Qxg4 Rf5 24. Qe2 (24. Bc3 $2 Rxd1+
25. Rxd1 Qxf4 $17) 24... Qf7 {Now White has to defend himself carefully.} 25.
Rde1 (25. Rg4 $2 Nxf4 26. Bxf4 Rxd1+ 27. Qxd1 Rxf4 $17) (25. Rg5 $2 Nxf4 $1 26.
Bxf4 Rxd1+ 27. Qxd1 Rxf4 $17) (25. Rdf1 $1 $11 {was the best defence with
equality.}) 25... Nxf4 26. Bxf4 Rxf4 27. h5 (27. Qxe6 $4 Rd1+ $19) 27... Rf6
$15 {In an _|_ with heavy pieces it is not easy at all to convert the P
majority into a win.} 28. a3 Rd5 29. Qh2 b6 30. Qb8+ (30. h6 g5) 30... Kh7 31.
Rh1 c4 32. Qc8 b5 33. a4 bxa4 (33... e5 $5 34. axb5 Rxb5 35. Rhg1 $1 {/\ Rg6})
34. Qxc4 a3 $5 (34... Rf4 35. Re4) 35. b3 $6 {This is a sophisticated move.} (
35. bxa3) 35... Rf2 {/\ Qf6} 36. h6 gxh6 37. Qa6 a2+ $2 ({missing} 37... Rdd2
$1 38. Rc1 Qe7 $17 {and Black is two pawns up.}) 38. Qxa2 Rdd2 39. Rc1 Rf5 40.
Qa4 Rf4 41. Qc6 Rd5 42. Rce1 Rf6 43. Qc4 Rg5 44. Rd1 Rd5 45. Rde1 Rg5 1/2-1/2

[Event "EU-chT (Men) 14th"]
[Site "Plovdiv"]
[Date "2003.10.12"]
[Round "2.2"]
[White "Vallejo Pons, Francisco"]
[Black "Bareev, Evgeny"]
[Result "1-0"]
[WhiteElo "2662"]
[BlackElo "2739"]
[Annotator "Lukacs,P"]
[PlyCount "107"]
[EventDate "2003.10.10"]
[EventType "team-swiss"]
[EventRounds "9"]
[EventCountry "BUL"]
[SourceTitle "CBM 098"]
[Source "ChessBase"]
[SourceDate "2004.02.03"]
[SourceVersion "1"]
[SourceVersionDate "2004.02.03"]
[SourceQuality "1"]
[WhiteTeam "Spain"]
[BlackTeam "Russia"]
[WhiteTeamCountry "ESP"]
[BlackTeamCountry "RUS"]

1. e4 c6 2. d4 d5 3. Nc3 dxe4 4. Nxe4 Bf5 5. Ng3 Bg6 6. h4 h6 7. Nf3 Nd7 8. h5
Bh7 9. Bd3 Bxd3 10. Qxd3 Ngf6 11. Bf4 Qa5+ 12. Bd2 Qc7 13. O-O-O e6 14. Ne4 Be7
(14... O-O-O 15. g3 {is the old main line.}) 15. Nxf6+ Bxf6 16. g3 {/\ Bf4} (
16. Qe4 {/\ Bf4 is supposed to be the main line here.} O-O-O {White has
certainly only a slight edge here, but Black has to play very well the
technical phase of the forthcoming _|_.} 17. Kb1 (17. Bf4 Qa5 18. Kb1 Rhe8 (
18... Qd5 {- Lutz-Dautov, BL 2000 CBM 80}) 19. Bg3 {- Balcarek-Dautov, BL 2000
CBM ext 78} (19. g4 Qd5 20. Qe2 Nb6 21. Ne5 Bxe5 22. Qxe5 Qxe5 23. Bxe5 f6 24.
Bg3 Rd5 25. c3 c5 26. dxc5 Rxc5 27. Rhe1 Rd5 $11 {Hracek-Khenkin, BL 2000}))
17... c5 (17... Nb6 18. Bf4 (18. Ne5 Bxe5 19. dxe5 Rd5) 18... Qe7 19. Ne5 Nd5 (
19... Rd5 20. c4 Bxe5 21. cxd5 Bxf4 22. Qxf4 $14 {and although Black has some
compensation for the exchange, White has chances to open up lines for his
rooks.}) 20. Bg3 Rhf8 (20... Qb4 $6 21. Rd3 $1 {The R is excellent on the
third rank.} Rhf8 22. c4 Bxe5 (22... Nc7 23. Rb3 Qd2 24. Nxc6 $1 $18) 23. Qxe5
Qxc4 24. Rb3 $16 {and White's battery on the h2-b8 /^ is very dangerous.}) 21.
c4 $14 {and the centralized N has to retreat.}) 18. Bf4 {- Lutz-Jugelt,
Altenkirchen 2001 CBM 87}) 16... O-O-O (16... Qb6 17. Bf4 c5 18. Ne5 cxd4 19.
Nxd7 Kxd7 20. Be3 Rac8 21. Bxd4 Bxd4 22. Qxd4+ Qxd4 23. Rxd4+ Ke7 $11 {A.
Toth-Eperjesi, Budapest 1998}) (16... Be7 17. Kb1 $5 $14 {is a better
prophylactical move.} (17. c4 b5 $1 {is the typical counterattack weakening ><
d5 at any cost.} 18. c5 a5 19. Bf4 Qb7 20. Ne5 O-O (20... Nf6 21. Qf3) 21. g4
Nxe5 22. Bxe5 Qd7 23. Rhg1 Qd5 $11 {De Firmian-K.Berg, Hamar op 1983})) 17. Qa3
$1 $14 {White wants to create weaknesses on the <<.} a6 (17... b6 18. Rhe1 $14)
18. Ba5 b6 {This is the second one.} 19. Bb4 Nb8 {This is not a nice way
defending the weak P.} (19... Qb7 20. Bd6 $14) 20. Rhe1 Rhe8 (20... Rd5 21. c4
$1 {White sacrifices the vulnerable h5 P in order to maximize the pressure of
his pieces.} Rxh5 22. Bd6 Qb7 23. Ne5 {White has invaded the [+], and the h5 R
is out of play.} Bxe5 (23... Rd8 24. c5 Bxe5 25. dxe5 {Black is pushed to the
wall.} b5 (25... bxc5 26. Bxb8 $18) 26. g4 Rg5 27. Qf3 $16) 24. Bxe5 Rg8 25. d5
$1 {White has to open up the position where his active pieces can find more
targets.} cxd5 26. cxd5 exd5 27. Kb1 Nc6 28. Rc1 $16) 21. Bd2 {/\ Bf4 changing
the /^.} ({The standard} 21. c4 $1 Kb7 22. Kb1 $14 {looks also promising for
White avoiding the following complications.}) 21... Qd6 22. Qb3 Qd5 $1 {
This is connected with a positional Q sacrifice, but Black desperately wants
to change the course of the game.} (22... Kb7 23. Ne5 Bxe5 (23... Qxd4 $2 24.
Nxf7 $18) 24. dxe5 Qd5 25. c4 Qd3 26. Qxd3 Rxd3 27. Be3 Red8 28. Rxd3 Rxd3 29.
Kc2 Rd8 30. b4 {This _|_ looks better for White, because Black has weaknesses
on both flanks.} Nd7 31. Rd1 Kc7 32. f4 c5 33. a3 Rg8 $16) 23. Qxb6 Qxf3 24.
Re3 Qxd1+ $1 {Otherwise White has a mating ->.} 25. Kxd1 Bxd4 26. Qb3 Bxe3 (
26... Rd7 27. Rd3) 27. Qxe3 {Materially it is still even, but White's pieces
are very active, and Black's P structure is weakened.} Rd5 $6 (27... f6 28. c4
$14 (28. Ke2 Rd5 $132)) 28. c4 $1 Rxh5 29. g4 {Now it is not easy to restore
the connection between the rooks.} Rh4 (29... Rh1+ 30. Kc2 $14) 30. Kc2 (30.
Qa7 Rd8 (30... Rxg4 31. Ba5 $18) 31. Qxf7 h5 32. Qxe6+ Rd7 33. Ke2 Rxg4 34. Be3
Kb7 35. Qe5 $14) 30... f6 $2 {This is already a real mistake.} (30... Rxg4 $5 {
was more active, for example:} 31. Qa7 Rd8 (31... Rxc4+ 32. Kb3 Rd8 33. Kxc4
Rxd2 34. Qxf7 Nd7 35. Qxg7 Rc2+ 36. Kd3 Rxf2 37. Qxh6 $14) 32. Qxf7 Rxc4+ 33.
Bc3 Re4 34. Qf3 Rc4 35. Qe2 Rf4 36. Bxg7 (36. Qxe6+ Kb7) 36... Kb7 37. Bxh6 Rf5
38. Be3 $13 {and White's advantage is not enough for a win.}) 31. Qa7 Rd8 32.
Qxg7 c5 (32... h5 33. Qxf6 Rxg4 34. Bf4 $16) 33. Qe7 (33. Qxf6 $1 Rh2 34. Qxe6+
$18 {was clearly better.}) 33... Nc6 34. Qxc5 Kd7 35. Bc3 (35. Bf4 $1 e5 36.
Qd5+ Kc7 37. Qf7+ Rd7 38. Qxf6 Rxg4 39. Bxe5+ $16 {with too many pawns for
White.}) 35... Rh1 (35... Rxg4 $1 {was the last chance for a persistant
defence.} 36. Bxf6 Rc8 37. Kd2 Rf4 38. Bg7 h5 39. Qxh5 Rxf2+ 40. Ke3 Rf5 41.
Qh2 $14) 36. Bxf6 Rg8 37. Qe3 ({Or simply} 37. b4 $18) 37... Kc7 $6 (37... Rxg4
38. f4 Rg2+ 39. Kb3 $16) 38. Qe2 Rg1 39. f3 $18 {and White has consolidated
his decisive advantage.} Kb7 40. Qxe6 Rg2+ 41. Kb3 Rc8 42. Bc3 Rf2 43. Qe3 Rf1
44. Qe2 Rh1 45. a3 Rc7 46. Qe6 Rf1 47. Qxh6 Rxf3 48. Ka2 Rff7 49. g5 Rfd7 50.
g6 Rd8 51. g7 Rcc8 52. Qe6 Re8 53. Qf7+ Ka8 54. Bb4 1-0